000 00727nam a2200241 i 4500
001 C2-0302822
003 PPAK
005 20180728083851.0
008 100217s1999 caua|||| ||||| | eng d
020 _a0962203688
040 _aPPAK
_beng
_cPPAK
_erda
082 0 4 _a305.40973
_223
090 0 0 _a305.40973
_bHEA
_dLCK
100 1 _aHead, Judith,
_eauthor
245 1 0 _aAmerica's daughters
_b400 years of American women
264 1 _aLos Angeles :
_bPerspective Publishing ,
_c1999
300 _a130 pages :
_billustrations ;
_c25 cm
336 _2rdacontent
_atext
337 _2rdamedia
_aunmediated
338 _2rdacarrier
_avolume
650 1 0 _aWomen - United States - History Juvenile literature
942 _ddc
_cB
999 _c106356
_d106356